| 000 | 00893nam a2200265Ia 4500 | ||
|---|---|---|---|
| 005 | 20250425162631.0 | ||
| 008 | 250425s9999 xx 000 0 und d | ||
| 020 | _a9789942075970 | ||
| 041 | _aspa | ||
| 082 | _a611.01816 | ||
| 100 | _aPaz- y- Miño, César | ||
| 245 | 0 |
_aGenética molecular y citogenética humana _bfundamentos, aplicaciones e investigaciones en el Ecuador _cCésar Paz- y- Miño, Andrés López - Cortés |
|
| 250 | _a1A ED. | ||
| 260 |
_aQuito _bYachay ep _c2014 |
||
| 300 | _a368 páginas | ||
| 500 | _aDONADO POR LA PH.D JULIA NIETO WIGBY; DECANA DE INVESTIGACION (OFC.DEC-INV-174-AGOSTO 12, 2014) | ||
| 650 | _aEnfermedades genéticas | ||
| 650 | _aFactores genéticos | ||
| 650 | _aGenética humana | ||
| 650 | _aGenética molecular | ||
| 650 | _aMalformaciones congénitas | ||
| 700 | _aLópez - Cortés, Andrés | ||
| 942 | _c01 | ||
| 010 | _a91662 | ||
| 999 |
_c233291 _d233291 |
||